Sports Quiz

Random Sports or MLB Quiz

MLB .300/.900 Club since 2000 (single season) Quiz Stats

Quiz not verified by Sporcle

Challenge
Share
Tweet
Embed
Score 0/104 Timer 12:00
0 Plays Today
# Player % Correct
10Albert Pujols
99.1%
6Chipper Jones
98.2%
7Manny Ramírez
98.2%
1Andruw Jones
98%
3Hanley Ramírez
97.8%
3Aramis Ramírez
97.8%
8Todd Helton
97.7%
6Álex Rodríguez
97.5%
5Barry Bonds
97.3%
6Miguel Cabrera
97.1%
7Vladimir Guerrero
96.2%
4David Ortiz
95%
5Lance Berkman
93%
4David Wright
92.7%
5Matt Holliday
91.6%
3Luis Gonzalez
90.6%
1Adrián González
90.6%
1Carlos González
90.6%
1Juan González
90.5%
1Ryan Howard
90.1%
3Jason Giambi
90%
2Chase Utley
88.1%
5Magglio Ordóñez
87.1%
3Derrek Lee
85.8%
1Jeff Bagwell
85.4%
3Joey Votto
85.1%
2Joe Mauer
83.4%
3Carlos Delgado
82.9%
3Mark Teixeira
82.9%
2Carlos Beltrán
82.9%
2Jeff Kent
78.6%
2Sammy Sosa
78.5%
2Edgar Martínez
77.4%
1Jim Thome
77.3%
1Justin Morneau
76.2%
# Player % Correct
3Jim Edmonds
75.8%
2Larry Walker
75.7%
3Travis Hafner
74.9%
3Paul Konerko
74.4%
1Derek Jeter
73.3%
2Ryan Braun
71.8%
4Gary Sheffield
71.2%
2Adrián Beltré
70%
1Ken Griffey
69.4%
2Josh Hamilton
69.2%
3Brian Giles
68%
1Marcus Giles
67.9%
3Mike Sweeney
67.6%
1Frank Thomas
66.5%
2Troy Tulowitzki
64.5%
1José Bautista
64%
1Matt Kemp
63.8%
1Scott Rolen
63.4%
1Robinson Cano
63.3%
3Bobby Abreu
62.8%
2Jermaine Dye
61.5%
3Bernie Williams
61.5%
2Mike Piazza
61.3%
1Jason Bay
60.7%
2Kevin Youkilis
58%
1Jacoby Ellsbury
54.5%
1J.D. Drew
54.2%
1Curtis Granderson
52.5%
1Jorge Posada
51.5%
1Nomar Garciaparra
50.9%
1Vernon Wells
50.4%
2Moises Alou
47.7%
2Richard Hidalgo
44.8%
1Bret Boone
44.7%
1Melvin Mora
43.6%
# Player % Correct
2Aubrey Huff
41.7%
1Pablo Sandoval
39.6%
1José Vidro
36.9%
1Roberto Alomar
34.6%
1Darin Erstad
34.2%
2Carlos Guillén
33.6%
1José Guillén
33.5%
2Phil Nevin
32.7%
1Brian Roberts
32.5%
1Garrett Atkins
30.3%
1Adam Lind
29.8%
1Kendrys Morales
29%
1Ellis Burks
28.2%
1Rich Aurilia
27.9%
1Bill Mueller
26%
1Ryan Klesko
23.8%
1Trot Nixon
22.3%
1Geoff Jenkins
21.7%
1Fred McGriff
21.5%
1Jason Kubel
20.9%
2Sean Casey
19%
1Michael Morse
19%
1Will Clark
18.7%
1Milton Bradley
16.2%
1Cliff Floyd
15.4%
1Edgardo Alfonzo
15.3%
1Bobby Higginson
12.9%
1Aaron Rowand
12.7%
1Carl Everett
12.1%
1Paul Lo Duca
11.7%
1Travis Fryman
11.4%
1Chad Tracy
3.7%
1Jeffrey Hammonds
3.6%
1Erubiel Durazo
3.2%

You're not logged in!

Compare scores with friends on all Sporcle quizzes.
Join for Free
OR
Log In

You Might Also Like...

Show Comments

Extras

Top Quizzes Today


Score Distribution

Your Account Isn't Verified!

In order to create a playlist on Sporcle, you need to verify the email address you used during registration. Go to your Sporcle Settings to finish the process.

Report this User

Report this user for behavior that violates our Community Guidelines.

Details: